UM Logo

Reading prosody unpacked: (Record no. 20626)

MARC details
000 -LEADER
fixed length control field 00950nam a22002057a 4500
005 - DATE AND TIME OF LATEST TRANSACTION
control field 20241004114124.0
008 - FIXED-LENGTH DATA ELEMENTS--GENERAL INFORMATION
fixed length control field 240819b ||||| |||| 00| 0 eng d
082 ## - DEWEY DECIMAL CLASSIFICATION NUMBER
Classification number DPer 370.15 J826 April - May 2021 v113no. 3-4
100 ## - MAIN ENTRY--PERSONAL NAME
Personal name Kim, Young-Suk Grace.
Relator term author.
9 (RLIN) 58216
245 ## - TITLE STATEMENT
Title Reading prosody unpacked:
Remainder of title a longitudinal investigation of its dimensionality and relation with word reading and listening comprehension for children in primary grades /<br/>
Statement of responsibility, etc. Young-Suk Grace Kim, Jamie M. Quinn, and Yaacov Petscher.
260 ## - PUBLICATION, DISTRIBUTION, ETC. (IMPRINT)
Place of publication, distribution, etc. Washington;
Name of publisher, distributor, etc. American Psychological Association,
Date of publication, distribution, etc. April 2021.
300 ## - PHYSICAL DESCRIPTION
Extent volume 113, pages 423-445,
Other physical details illustration.
650 #0 - SUBJECT ADDED ENTRY--TOPICAL TERM
Topical term or geographic name as entry element Psychology.
9 (RLIN) 1184
650 #0 - SUBJECT ADDED ENTRY--TOPICAL TERM
Topical term or geographic name as entry element Listening
General subdivision Comprehension.
9 (RLIN) 43198
650 #0 - SUBJECT ADDED ENTRY--TOPICAL TERM
Topical term or geographic name as entry element Reading (Early childhood).
9 (RLIN) 46273
700 ## - ADDED ENTRY--PERSONAL NAME
Personal name Kim, Young-Suk Grace.
Relator term author.
9 (RLIN) 58216
700 ## - ADDED ENTRY--PERSONAL NAME
Personal name Quinn, Jamie M.
Relator term author.
9 (RLIN) 58217
700 ## - ADDED ENTRY--PERSONAL NAME
Personal name Petscher, Yaacov.
Relator term author.
9 (RLIN) 58218
942 ## - ADDED ENTRY ELEMENTS (KOHA)
Source of classification or shelving scheme Dewey Decimal Classification
Koha item type Periodicals
Holdings
Withdrawn status Lost status Source of classification or shelving scheme Damaged status Not for loan Collection code Home library Current library Date acquired Total Checkouts Full call number Date last seen Price effective from Koha item type Public note
    Dewey Decimal Classification     Periodicals UM Digos College - LIC UM Digos College - LIC 08/19/2024   DPer 370.15 J826 April - May 2021 v113no. 3-4 08/19/2024 08/19/2024 Periodicals Periodical Article